000 00457nam a2200205Ia 4500
003 0100
008 130303s9999 xx 000 0 und d
040 _cARRUPELIB
050 _aBF637.C5F76
100 _aFromm, Erich
245 4 _aThe Art of being
260 _aLondon
260 _bConstable
260 _C1993
300 _a131p.
300 _b 21cm
650 _bReligion and Politcs
650 _cReligion and sociology
942 _2lcc
_01
999 _c62952
_d62952